000 00433nam a2200181Ia 4500
001 16962
005 20260306170349.0
008 260306t2007||||xx |||||||||||||| ||und||
041 _aESP
082 _a657.3
_bW56 2007
100 _aWild, John J.
_eAUT
245 0 _aAnálisis de estados financieros
260 _c2007
300 _axxv, 657 páginas :
_c27 cm.
650 _aGEN
654 _aCCO
942 _cLIB
_dJUS
_fJUS
_2ddc
_n
999 _c16962
_d16962